000 00776cam a22002774a 4500
999 _c35418
_d35418
001 YPZ92673
003 YPZ
005 20251201105235.0
008 100414s2007 ag a grb 001 0|spa|d
020 _a9509051357
040 _cSIUNPA
_bspa
_eAACR2
041 _aspa
044 _aag
080 _a355.01 S957a
100 _aSun Tzu.
_4, autor
245 _aEl arte de la guerra
_c/ Sun Tzu ; traducción y notas Roberto Curto
260 _aBuenos Aires
_b : Longseller
_c , 2005
300 _a187[4] p.
_b: il.
490 _a(Clásicos de siempra;
_v1)
500 _aEn portada: Versión completa
650 _a GUERRA
650 _a FILOSOFIA DE LA HISTORIA
650 _a SUN TZU
_y(400-320 a.c.)
700 _4, tr. y notas
_aCurto, Roberto
942 _cBK
_2udc